000 00377nam a2200133Ia 4500
008 220217s9999||||xx |||||||||||||| ||und||
020 _a9780074623053
082 _a624.1821 NEG
100 _aNegi, L.S
_910047
245 0 _aDesign of steel structure
260 _aMcgraw hill book company
_bNew Delhi
_c2016
300 _aIX, 317p.
_b605
650 _aStructure engineering
999 _c189381
_d189381